000 00761nam a2200253Ia 4500
003 OSt
005 20220923223015.0
006 a|||||r|||| 00| 0
007 ta
008 220922b |||||||| |||| 00| 0 hin d
024 _a209,924
037 _cTextual
040 _aARTS
_cARTS
_bhin
041 _2hin
_ahin
082 _aO152,3N124,MA, M6
100 _aजैन, ऋृषभ चरण
245 0 _aमयखाना
246 _aMayakhānā
260 _aदिल्ली
_b दिग्दर्शन जैन
_c1986
300 _a96पृ.
_ccm.
650 _aहिन्दी साहित्य
_9156264
942 _hO152,3N124,MA, M6
_cTEXL
_2CC
999 _c360473
_d360473